01047nam a2200193 a 450000100060000000300090000600800410001502000150005604000280007108200160009910000300011524501060014525000060025126000300025730000080028749000260029550505060032165000260082721210CO-ViMGA141112s2004 ck r 000 u spa d a8428322333 aCO-ViMGAbspacCO-ViMGA04a516.6 F377a1 aFerrer Muñoz, Jose Luis10aAxonometrías : bSistema de representación axonometrico : bSistema de representación caballera a2 aMadrid; Paraninfo, c1999 a324 aDiseño y proyecto 2 aBases del sistema. Relaciones metricas 33 - - Representación y tipología de elementos básicos. Punto - Recta - Plano El punto, La recta, El plano 100 - - Intersección entre rectas y planos 137 - - Representaciones de superficies. Paso del sistema diedrico al axonometrico Representación de figuras 195 - - Sistema de representación caballera Descripción del sistema, tipos de representación caballera, mecánica del sistema 245 - - Axonometría oblicua definición del sistema 316 14aGEOMETRIA DESCRIPTIVA